| 000 | 00794nam a22002297a 4500 | ||
|---|---|---|---|
| 008 | 130821s2004 ck gr spa | ||
| 020 | _a9589732062 | ||
| 040 |
_aCo-BoUCM _bspa |
||
| 041 | 0 | 0 | _aspa |
| 100 | 1 |
_aSalom Franco, Nicolás _d1934- |
|
| 245 | 1 | 0 |
_aPasado y presente del derecho del mar _cNicolás Salom Franco. |
| 260 |
_aBogotá (Colombia) _bAcademia Colombiana de Jurisprudencia _c2004 |
||
| 300 | _a273 páginas | ||
| 490 | 0 | _aColección Portable | |
| 504 | _aIncluye bibliografía. | ||
| 650 | 0 | 4 |
_aDerecho internacional _912776 |
| 650 | 0 | 4 |
_aDerecho marítimo _912792 |
| 650 | 0 | 4 |
_aDerecho marítimo _vTratados internacionales _912792 |
| 650 | 0 | 4 |
_aPlataforma continental _921706 |
| 942 |
_cLIBRO _a8 _e1 _mS173p _2DEWEY _h341.7566 |
||
| 999 |
_c92269 _d92269 |
||